[Event "Rated Blitz game"]
[Site "?"]
[Date "2021.01.22"]
[Round "?"]
[White "korse"]
[Black "Schachelite"]
[Result "0-1"]
[WhiteElo "2469"]
[BlackElo "2352"]
[PlyCount "48"]
[EventDate "2021.??.??"]
[EventType "blitz"]

1. e4 e5 2. Nf3 d5 3. Nxe5 Bd6 4. d4 dxe4 5. Nc3 Nf6 6. Bg5 Be7 7. Bxf6 Bxf6 8.
Nxe4 O-O 9. Be2 Bf5 10. Nxf6+ Qxf6 11. O-O Nd7 12. Nxd7 Bxd7 13. Bf3 c6 14. c3
Rfe8 15. Qb3 Rab8 16. Rfe1 Be6 17. Qa3 a6 18. Re5 Red8 19. Rae1 h6 20. Qa5 Qf4
21. Qc7 Bxa2 22. Re8+ Rxe8 23. Rxe8+ Rxe8 24. Qxf4 Re1# {Normal} 0-1

[Event "Rated Blitz game"]
[Site "?"]
[Date "2021.01.22"]
[Round "?"]
[White "Ghostdog_db"]
[Black "Mettigel"]
[Result "1-0"]
[WhiteElo "2288"]
[BlackElo "2438"]
[PlyCount "43"]
[EventDate "2021.??.??"]
[EventType "blitz"]

1. e4 e5 2. Nf3 d5 3. exd5 Bd6 4. c4 c6 5. Nc3 Nf6 6. dxc6 Nxc6 7. d3 Bf5 8.
Be2 h6 9. O-O O-O 10. a3 Re8 11. b4 Bc7 12. Bb2 a6 13. b5 Nd4 14. Nxd4 exd4 15.
Nb1 Qd6 16. g3 Bh3 17. Re1 Rad8 18. a4 Qe5 19. Nd2 Ng4 20. Bf3 Qf6 21. Rxe8+
Rxe8 22. Bxg4 {Normal} 1-0

[Event "Rated Rapid game"]
[Site "?"]
[Date "2021.01.22"]
[Round "?"]
[White "K_akbss"]
[Black "Maltinho"]
[Result "0-1"]
[WhiteElo "2377"]
[BlackElo "2472"]
[PlyCount "110"]
[EventDate "2021.??.??"]
[EventType "rapid"]

1. e4 e5 2. Nf3 d5 3. Nxe5 Bd6 4. d4 dxe4 5. Bc4 Bxe5 6. Qh5 Qe7 7. Qxe5 Qxe5
8. dxe5 Nc6 9. Bf4 Nge7 10. Bb5 Bd7 11. Nc3 Ng6 12. Bg3 Ncxe5 13. Bxe5 Nxe5 14.
Bxd7+ Kxd7 15. O-O-O+ Kc6 16. Nxe4 Rad8 17. f3 f6 18. b3 b6 19. c4 a5 20. Kc2
h5 21. h4 Ng6 22. g3 Ne5 23. Rhf1 Rxd1 24. Kxd1 a4 25. Ke2 axb3 26. axb3 Ra8
27. Nc3 Kc5 28. f4 Nc6 29. Nb5 Ra2+ 30. Kd3 Nb4+ 31. Ke3 Rb2 32. Nxc7 Rxb3+ 33.
Ke4 Rxg3 34. Rc1 Nc6 35. Rc2 g6 36. f5 Rg4+ 37. Ke3 gxf5 38. Ne6+ Kd6 39. Nf4
Rxh4 40. Rd2+ Kc5 41. Rd5+ Kxc4 42. Rxf5 Ne5 43. Nxh5 Rh3+ 44. Ke2 Rh2+ 45. Ke3
b5 46. Nxf6 Rh3+ 47. Ke2 Nc6 48. Nd7 Nd4+ 49. Kf2 Nxf5 50. Kg2 Ra3 51. Kf2 b4
52. Ne5+ Kc3 53. Ke2 b3 54. Nd3 Ra2+ 55. Ke1 Kxd3 {Normal} 0-1

[Event "Rated Blitz game"]
[Site "?"]
[Date "2021.01.22"]
[Round "?"]
[White "Stapfen"]
[Black "Accjgm980523"]
[Result "1-0"]
[WhiteElo "2458"]
[BlackElo "2469"]
[PlyCount "173"]
[EventDate "2021.??.??"]
[EventType "blitz"]

1. e4 e5 2. Nf3 d5 3. d3 dxe4 4. dxe4 Qxd1+ 5. Kxd1 Nf6 6. Nc3 Bb4 7. Bd3 Nc6
8. h3 O-O 9. Bd2 Be6 10. a3 Be7 11. Ng5 Bd7 12. Re1 h6 13. Nf3 Rad8 14. Kc1 a6
15. Be3 Be6 16. b4 Bd6 17. Ne2 Ne7 18. Kb2 Ng6 19. Rad1 Rd7 20. c4 c6 21. Rd2
Bc7 22. Red1 Rfd8 23. Kc3 a5 24. Bc2 Rxd2 25. Rxd2 Rxd2 26. Nxd2 axb4+ 27. axb4
Kf8 28. f3 Ke8 29. Nb3 b6 30. c5 b5 31. Na5 Kd7 32. Bb3 Nh5 33. Bxe6+ fxe6 34.
Nb3 Ngf4 35. Bxf4 Nxf4 36. Nxf4 exf4 37. Nd4 Be5 38. Kd3 g5 39. Ne2 Bf6 40. Nc1
Be5 41. Nb3 Ke7 42. Nc1 Kd7 43. Ne2 Ke7 44. h4 Kd7 45. h5 Ke7 46. Kc2 Kd7 47.
Kd1 Ke7 48. Ke1 Kd7 49. Kf1 Ke7 50. Kg1 Kf7 51. Kh2 Kg7 52. Kh3 Kf6 53. Kg4 Kg7
54. Nc1 Bc3 55. Nd3 Kf6 56. g3 fxg3 57. Kxg3 e5 58. Kg4 Bd2 59. Kg3 Bc3 60. Kf2
Bd2 61. Ke2 Bc3 62. Kd1 Bd4 63. Kc2 Be3 64. Ne1 g4 65. fxg4 Kg5 66. Nf3+ Kf4
67. Nh4 Kxg4 68. Ng6 Bd4 69. Ne7 Kxh5 70. Nxc6 Kg4 71. Ne7 h5 72. Nf5 h4 73.
Nxd4 exd4 74. c6 h3 75. c7 h2 76. c8=Q+ Kg3 77. Qh8 Kf2 78. Kd3 Kg1 79. Qxh2+
Kxh2 80. e5 Kg3 81. e6 Kf4 82. e7 Ke5 83. e8=Q+ Kd6 84. Qe4 Kc7 85. Qxd4 Kb7
86. Qc5 Ka6 87. Kd4 {Time forfeit} 1-0

[Event "Rated Blitz game"]
[Site "?"]
[Date "2021.01.22"]
[Round "?"]
[White "ilija83gr"]
[Black "Melladov"]
[Result "0-1"]
[WhiteElo "2518"]
[BlackElo "2549"]
[PlyCount "80"]
[EventDate "2021.??.??"]
[EventType "blitz"]

1. e4 e5 2. Nf3 d5 3. Nxe5 Bd6 4. d4 dxe4 5. Nc3 Bxe5 6. dxe5 Qxd1+ 7. Kxd1 Nc6
8. Nxe4 Nxe5 9. Bf4 Bg4+ 10. Kc1 O-O-O 11. Bb5 Ng6 12. Bg3 h5 13. f3 Bf5 14.
Ng5 Nh6 15. Bc4 Rd7 16. h4 Re8 17. a4 f6 18. Nh3 Be6 19. Bd3 Bf5 20. Bc4 Bxh3
21. Rxh3 Nf5 22. Bf2 Nf4 23. Rh2 Ne3 24. Bxe3 Rxe3 25. b3 Re1+ 26. Kb2 Rxa1 27.
Kxa1 Rd1+ 28. Kb2 Rg1 29. Bf7 Kd7 30. g3 Rxg3 31. Rd2+ Ke7 32. Bc4 Rxf3 33. Rd4
g5 34. hxg5 fxg5 35. Re4+ Kf6 36. Re8 h4 37. Rf8+ Kg6 38. Rf7 h3 39. Rxc7 h2
40. Bf7+ Kf6 {Normal} 0-1

[Event "Rated Blitz tournament 9m5ja28n"]
[Site "?"]
[Date "2021.01.22"]
[Round "?"]
[White "VariantsOnly"]
[Black "ChessMeraki"]
[Result "0-1"]
[WhiteElo "2541"]
[BlackElo "2285"]
[PlyCount "128"]
[EventDate "2021.??.??"]
[EventType "blitz"]

1. e4 e5 2. Nf3 d5 3. Nc3 dxe4 4. Nxe5 Bd6 5. d4 Bxe5 6. dxe5 Qxd1+ 7. Kxd1 Nc6
8. Bf4 Nge7 9. Nxe4 Ng6 10. Bg3 Ncxe5 11. Bb5+ Bd7 12. Bxd7+ Nxd7 13. Bxc7 O-O
14. Re1 Rac8 15. Bd6 Rfd8 16. Kc1 Nb6 17. Bg3 Nd5 18. a3 f5 19. Nd6 f4 20. Nxc8
Rxc8 21. f3 fxg3 22. hxg3 Nb6 23. b3 Rc7 24. Kb2 h6 25. Rad1 Kh7 26. f4 Ne7 27.
g4 Ned5 28. Rd4 Rf7 29. g3 Nf6 30. g5 Nh5 31. Rh1 Nxg3 32. Rh3 Nf5 33. Re4 Kg6
34. gxh6 Nxh6 35. Re6+ Kh7 36. Re4 Nd5 37. Rf3 Ne7 38. Ra4 Nef5 39. Rxa7 Nh4
40. Rf1 Ng6 41. a4 Nxf4 42. Ka2 Nd5 43. Rxf7 Nxf7 44. Rxb7 Ng5 45. Rb5 Nc3+ 46.
Ka3 Nxb5+ 47. axb5 Ne6 48. Kb4 Nd8 49. Kc5 g5 50. Kd4 Kg6 51. Ke3 Kf5 52. c4
Ke5 53. b4 g4 54. c5 Kd5 55. b6 Kc6 56. Kd4 Ne6+ 57. Ke4 g3 58. Kf3 g2 59. Kxg2
Nd4 60. Kf2 Nc2 61. b5+ Kb7 62. c6+ Kxb6 63. c7 Kxc7 64. b6+ Kb7 {Time forfeit}
0-1

[Event "Rated Blitz game"]
[Site "?"]
[Date "2021.01.22"]
[Round "?"]
[White "highway_star"]
[Black "stanleycool"]
[Result "1-0"]
[WhiteElo "2413"]
[BlackElo "2266"]
[PlyCount "59"]
[EventDate "2021.??.??"]
[EventType "blitz"]

1. e4 e5 2. Nf3 d5 3. Nxe5 dxe4 4. Bc4 Qg5 5. Nxf7 Qxg2 6. Rf1 Bg4 7. Be2 Bxe2
8. Qxe2 Kxf7 9. Qh5+ g6 10. Qd5+ Kg7 11. Qxb7 Nf6 12. Qxa8 Ng4 13. Qxb8 Bd6 14.
Qxa7 Nxh2 15. Qd4+ Kg8 16. Qc4+ Kg7 17. b3 Nf3+ 18. Kd1 Re8 19. Bb2+ Kh6 20.
Nc3 Be5 21. Kc1 Bf4 22. Rd1 Nxd2 23. Rxd2 Qg1+ 24. Nd1 Rd8 25. Bc3 Qe1 26. Kb2
Bxd2 27. Ne3 Bxc3+ 28. Qxc3 Qe2 29. Rh1+ Kg5 30. Qe5# {Normal} 1-0

[Event "Rated Blitz game"]
[Site "?"]
[Date "2021.01.22"]
[Round "?"]
[White "Izzrayizzix"]
[Black "Aldebaraan"]
[Result "1-0"]
[WhiteElo "2400"]
[BlackElo "2255"]
[PlyCount "55"]
[EventDate "2021.??.??"]
[EventType "blitz"]

1. e4 e5 2. Nf3 d5 3. Nxe5 Bd6 4. d4 dxe4 5. Nc3 Nf6 6. Bb5+ c6 7. Be2 O-O 8.
O-O Bf5 9. Bg5 Nbd7 10. Nc4 Be7 11. Ne3 Bg6 12. Bc4 Nb6 13. Bb3 Nbd5 14. Bxf6
Nxf6 15. d5 Bc5 16. Qe2 Bxe3 17. Qxe3 cxd5 18. Rad1 Qa5 19. Nxd5 Rfe8 20. Nxf6+
gxf6 21. Rd7 f5 22. Rxb7 Rad8 23. h3 Qe5 24. Qxa7 Qf6 25. Rd7 Ra8 26. Qd4 Qe6
27. Bxe6 fxe6 28. Qg7# {Normal} 1-0

[Event "Rated Blitz game"]
[Site "?"]
[Date "2021.01.22"]
[Round "?"]
[White "sosforlove"]
[Black "ahoramahora"]
[Result "1-0"]
[WhiteElo "2437"]
[BlackElo "2325"]
[PlyCount "75"]
[EventDate "2021.??.??"]
[EventType "blitz"]

1. e4 e5 2. Nf3 d5 3. exd5 e4 4. Nd4 Qxd5 5. Nb3 Qe5 6. d4 exd3+ 7. Be3 dxc2 8.
Qxc2 Bf5 9. Bd3 Bxd3 10. Qxd3 Nc6 11. O-O Rd8 12. Qc4 Bd6 13. g3 Nf6 14. Bf4
Qe4 15. Qxe4+ Nxe4 16. Re1 f5 17. Bxd6 Rxd6 18. f3 O-O 19. fxe4 fxe4 20. Nc3
Ne5 21. Rxe4 Nf3+ 22. Kg2 Nd2 23. Nxd2 Rxd2+ 24. Re2 Rfd8 25. Rae1 h6 26. Rxd2
Rxd2+ 27. Re2 Rxe2+ 28. Nxe2 Kf7 29. Kf3 Ke6 30. Ke4 c5 31. Nf4+ Kd6 32. Nh5 g6
33. Nf6 b5 34. Ne8+ Ke7 35. Nc7 b4 36. Kd5 Kd7 37. Na6 b3 38. axb3 {Normal} 1-0

[Event "Rated Blitz game"]
[Site "?"]
[Date "2021.01.22"]
[Round "?"]
[White "jncool68"]
[Black "Schachelite"]
[Result "1-0"]
[WhiteElo "2542"]
[BlackElo "2386"]
[PlyCount "44"]
[EventDate "2021.??.??"]
[EventType "blitz"]

1. e4 e5 2. Nf3 d5 3. exd5 e4 4. Qe2 Nf6 5. Nc3 Be7 6. Nxe4 O-O 7. d3 Re8 8.
Be3 Nxd5 9. O-O-O f5 10. Bd4 fxe4 11. dxe4 Nf4 12. Qe3 Bg5 13. Kb1 Ne6 14. Qb3
Qe7 15. Bc4 Bh6 16. Bc3 Nc6 17. g4 Bf4 18. h4 a6 19. h5 h6 20. Nh4 Kh7 21. Ng6
Qf6 22. Bxf6 gxf6 {Normal} 1-0

[Event "Rated Blitz game"]
[Site "?"]
[Date "2021.01.22"]
[Round "?"]
[White "SimonMkrtchyan"]
[Black "Mettigel"]
[Result "1-0"]
[WhiteElo "2433"]
[BlackElo "2451"]
[PlyCount "83"]
[EventDate "2021.??.??"]
[EventType "blitz"]

1. e4 e5 2. Nf3 d5 3. exd5 Bd6 4. d4 e4 5. Nfd2 Nf6 6. c4 c5 7. dxc6 Nxc6 8. d5
Ne5 9. Be2 O-O 10. O-O Re8 11. Nc3 Ng6 12. Re1 a6 13. Nf1 Bd7 14. Ng3 Rc8 15.
Be3 Ne5 16. Ncxe4 Nxe4 17. Nxe4 Nxc4 18. Bxc4 Rxe4 19. Bd3 Rh4 20. g3 Rxh2 21.
Rc1 Rxc1 22. Bxc1 Rh3 23. Qf3 h5 24. Bf5 Qf6 25. Be4 Qxf3 26. Bxf3 h4 27. Bg2
hxg3 28. Bxh3 gxf2+ 29. Kxf2 Bxh3 30. Re8+ Kh7 31. Be3 Bf5 32. Kf3 f6 33. Bf4
Bc5 34. d6 g5 35. Re7+ Kg6 36. Bh2 g4+ 37. Ke2 b5 38. Rc7 Bb6 39. Rc6 Bd8 40.
Rxa6 Be6 41. d7 Bxd7 42. Rd6 {Normal} 1-0

[Event "Rated Classical game"]
[Site "?"]
[Date "2021.01.21"]
[Round "?"]
[White "Ho_oH123"]
[Black "Classic-lIo_oIl"]
[Result "1-0"]
[WhiteElo "2431"]
[BlackElo "2312"]
[PlyCount "22"]
[EventDate "2021.??.??"]

1. e4 e5 2. Nf3 d5 3. exd5 Nf6 4. Nxe5 Qxd5 5. Qe2 Qe6 6. g3 Qe7 7. Bg2 Qd8 8.
Nc6+ Qe7 9. Nxe7 Bxe7 10. O-O Bg4 11. f3 Bf5 {Normal} 1-0

[Event "Rated Blitz tournament 1xu25pzM"]
[Site "?"]
[Date "2021.01.21"]
[Round "?"]
[White "Doenertello"]
[Black "Henrik_95"]
[Result "1-0"]
[WhiteElo "2444"]
[BlackElo "2394"]
[PlyCount "55"]
[EventDate "2021.??.??"]
[EventType "blitz"]

1. e4 e5 2. Nf3 d5 3. Nc3 dxe4 4. Nxe4 f5 5. Ng3 e4 6. Ng1 Nf6 7. d4 Nc6 8. c3
Bd6 9. Bc4 f4 10. Nh5 Nxh5 11. Qxh5+ g6 12. Qd5 Qe7 13. Ne2 f3 14. Ng3 fxg2 15.
Rg1 Bh3 16. Bg5 Qd7 17. Qxe4+ Ne7 18. Qxb7 Rc8 19. O-O-O c6 20. Qa6 Kd8 21.
Rge1 Re8 22. Ne4 Bg4 23. Nxd6 Qxd6 24. Qa5+ Qc7 25. Qxc7+ Rxc7 26. Rd2 Kc8 27.
f4 Nd5 28. Rxe8+ {Normal} 1-0

[Event "Rated Blitz game"]
[Site "?"]
[Date "2021.01.21"]
[Round "?"]
[White "DJaeggi"]
[Black "Fantastic_power06"]
[Result "0-1"]
[WhiteElo "2577"]
[BlackElo "2611"]
[PlyCount "146"]
[EventDate "2021.??.??"]
[EventType "blitz"]

1. e4 e5 2. Nf3 d5 3. exd5 e4 4. Qe2 Nf6 5. d3 Qxd5 6. Nbd2 Nc6 7. Nxe4 Be6 8.
Bd2 O-O-O 9. Nc3 Qh5 10. O-O-O Bg4 11. Qe3 Re8 12. Qg5 Bc5 13. Qxh5 Bxh5 14.
Be2 Ng4 15. Rhf1 Nxf2 16. Rde1 Ng4 17. Ne4 Be3 18. h3 Bxd2+ 19. Kxd2 Nh6 20.
Nfg5 Bg6 21. Nc3 f6 22. Nf3 Nf5 23. g4 Ng3 24. Rg1 Nxe2 25. Rxe2 Rxe2+ 26. Nxe2
Re8 27. Ned4 Nxd4 28. Nxd4 Kd7 29. Re1 Rxe1 30. Kxe1 c5 31. Nf3 Kd6 32. Kd2 h5
33. Ke3 Be8 34. g5 fxg5 35. Nxg5 Ke5 36. h4 Kf5 37. Kf3 Bc6+ 38. Kg3 Ke5 39. c3
Kf5 40. Nf7 Bd5 41. Nd8 g5 42. c4 Bc6 43. Nxc6 bxc6 44. a3 g4 45. b4 Ke5 46. b5
cxb5 47. cxb5 Kd6 48. a4 a6 49. bxa6 Kc7 50. a5 Kb8 51. Kf4 Ka7 52. Ke4 Kxa6
53. d4 cxd4 54. Kxd4 Kxa5 55. Ke3 Kb5 56. Kf2 Kc5 57. Ke3 Kd5 58. Kd3 Ke5 59.
Ke3 Kf5 60. Ke2 Kf4 61. Kf2 g3+ 62. Kg1 Kg4 63. Kg2 Kxh4 64. Kg1 Kg4 65. Kh1 h4
66. Kg1 h3 67. Kh1 Kf3 68. Kg1 h2+ 69. Kh1 g2+ 70. Kxh2 Kf2 71. Kh3 g1=Q 72.
Kh4 Qg6 73. Kh3 Qh5# {Normal} 0-1

[Event "Rated Blitz tournament oruO7evk"]
[Site "?"]
[Date "2021.01.21"]
[Round "?"]
[White "chessview23"]
[Black "BarashevNikita"]
[Result "1-0"]
[WhiteElo "2268"]
[BlackElo "2452"]
[PlyCount "65"]
[EventDate "2021.??.??"]
[EventType "blitz"]

1. e4 e5 2. Nf3 d5 3. d3 Nc6 4. Nbd2 Nf6 5. Be2 Be7 6. O-O O-O 7. c3 a5 8. a4
h6 9. h3 Re8 10. Re1 Be6 11. Qc2 Qd7 12. Bf1 Nh5 13. exd5 Qxd5 14. Nc4 Bd6 15.
Nxd6 Qxd6 16. c4 Nb4 17. Qb3 Rad8 18. Bd2 f6 19. Bxb4 axb4 20. a5 Nf4 21. a6
bxa6 22. Ra5 c5 23. Rea1 Ra8 24. Qa4 Nxd3 25. Bxd3 Qxd3 26. Rxa6 Rad8 27. b3 e4
28. Ne1 Qd2 29. Qa2 e3 30. fxe3 Qxe3+ 31. Qf2 Qc3 32. Qxc5 Qxe1+ 33. Rxe1 {
Normal} 1-0

[Event "Rated Blitz game"]
[Site "?"]
[Date "2021.01.21"]
[Round "?"]
[White "Licenciadomate"]
[Black "philip_simon_din"]
[Result "1-0"]
[WhiteElo "2445"]
[BlackElo "2399"]
[PlyCount "127"]
[EventDate "2021.??.??"]
[EventType "blitz"]

1. e4 e5 2. Nf3 d5 3. Nxe5 Qe7 4. Nd3 dxe4 5. Nf4 Nc6 6. Be2 Bd7 7. Nd5 Qd6 8.
c4 Nf6 9. Nxf6+ gxf6 10. O-O O-O-O 11. Nc3 f5 12. d4 Nxd4 13. Be3 Bg7 14. Bxd4
Bxd4 15. Nb5 Bxb5 16. cxb5 Rhg8 17. Qc2 Rg6 18. Kh1 Rdg8 19. g3 Rh6 20. Rad1
Qe5 21. Qd2 Rd6 22. Qb4 h5 23. Qc4 Rg7 24. f4 Qf6 25. Rc1 Rd7 26. Qb4 h4 27.
Kg2 hxg3 28. hxg3 Qh4 29. Qf8+ Qd8 30. Qxd8+ Kxd8 31. b3 f6 32. Bc4 Be3 33.
Rce1 Rd2+ 34. Re2 Rxe2+ 35. Bxe2 Ke7 36. Rd1 Bxf4 37. Bc4 Rxg3+ 38. Kf2 Rf3+
39. Ke2 Rh3 40. Rd5 Rh2+ 41. Kf1 Rxa2 42. Rxf5 Bg3 43. Rh5 e3 44. Rh7+ Kd6 45.
Rg7 Bf2 46. Rf7 Ke5 47. Kg2 f5 48. Re7+ Kf4 49. Rxc7 Bg3+ 50. Kf1 Kf3 51. Bd5+
Kg4 52. Rc4+ f4 53. Be6+ Kg5 54. Bd5 Kf6 55. Bf3 Ke5 56. Rc5+ Kd4 57. Rd5+ Kc3
58. Be2 Ra1+ 59. Kg2 Ra2 60. Kf3 Kb4 61. Rd4+ Ka5 62. Rd5 Kb6 63. Rd6+ Kc7 64.
Rd3 {Time forfeit} 1-0

[Event "Rated Blitz tournament 1xu25pzM"]
[Site "?"]
[Date "2021.01.21"]
[Round "?"]
[White "Gabix94"]
[Black "Henrik_95"]
[Result "1/2-1/2"]
[WhiteElo "2676"]
[BlackElo "2390"]
[PlyCount "112"]
[EventDate "2021.??.??"]
[EventType "blitz"]

1. e4 e5 2. Nf3 d5 3. Nc3 dxe4 4. Nxe4 f5 5. Nc3 e4 6. Ne5 Nf6 7. d4 Bd6 8. Bc4
Bxe5 9. dxe5 Qxd1+ 10. Nxd1 Nfd7 11. Bf4 Nc6 12. Bb5 O-O 13. Bxc6 bxc6 14. Ne3
Ba6 15. O-O-O Nb6 16. e6 Rfe8 17. Bxc7 Rxe6 18. b3 g6 19. c4 Rc8 20. Bf4 Kf7
21. h4 h5 22. Rd2 Ree8 23. Rhd1 Re7 24. Rd6 Re6 25. Kb2 Rxd6 26. Rxd6 Re8 27.
Rxc6 Re6 28. Rc7+ Re7 29. Rc6 Re6 30. Rxe6 Kxe6 31. Kc3 Bb7 32. a4 a5 33. Bc7
Nd7 34. Bxa5 f4 35. Nf1 e3 36. fxe3 Bxg2 37. Nd2 fxe3 38. Nb1 g5 39. Kd4 e2 40.
Be1 gxh4 41. Bxh4 Ne5 42. Ke3 Nf3 43. Bf2 e1=Q+ 44. Bxe1 Nxe1 45. Ke2 Nc2 46.
Nc3 h4 47. Kf2 h3 48. Ne2 Kd6 49. Nf4 Kc5 50. Nxg2 hxg2 51. Kxg2 Na1 52. a5
Nxb3 53. a6 Kb6 54. Kf3 Kxa6 55. Kf4 Kb6 56. c5+ Kxc5 {Normal} 1/2-1/2

[Event "Rated Blitz game"]
[Site "?"]
[Date "2021.01.21"]
[Round "?"]
[White "chadi_chess"]
[Black "Schachelite"]
[Result "0-1"]
[WhiteElo "2361"]
[BlackElo "2403"]
[PlyCount "94"]
[EventDate "2021.??.??"]
[EventType "blitz"]

1. e4 e5 2. Nf3 d5 3. Nxe5 Bd6 4. d4 dxe4 5. Nc4 Nf6 6. Nxd6+ Qxd6 7. Be2 Nc6
8. Be3 O-O 9. O-O Rd8 10. c3 Nd5 11. Nd2 f5 12. c4 Nf6 13. d5 Ne5 14. Rc1 Neg4
15. Bxg4 Nxg4 16. g3 Qg6 17. Bf4 c6 18. Qb3 cxd5 19. cxd5 b6 20. Rc7 Ba6 21.
Rfc1 Qh5 22. h4 Nf6 23. d6+ Kh8 24. Be5 Qg6 25. Rxg7 Qxg7 26. Rc7 Qg6 27. Qe6
Rf8 28. d7 Rad8 29. Rc6 Bb5 30. Bxf6+ Rxf6 31. Qxf6+ Qxf6 32. Rxf6 Rxd7 33.
Rxf5 Be2 34. Nxe4 Bd3 35. Re5 Bxe4 36. Rxe4 Rd2 37. Kg2 Rxb2 38. Re8+ Kg7 39.
Re7+ Kg6 40. Rxa7 h5 41. Ra6 Kf5 42. a4 Ra2 43. a5 bxa5 44. Kf3 Ra3+ 45. Kg2
Ra2 46. Kf3 a4 47. Ra5+ Ke6 {Time forfeit} 0-1

[Event "Rated Blitz tournament HZiw7M7Y"]
[Site "?"]
[Date "2021.01.21"]
[Round "?"]
[White "onyongbkd"]
[Black "YT_BKD"]
[Result "0-1"]
[WhiteElo "2278"]
[BlackElo "2474"]
[PlyCount "114"]
[EventDate "2021.??.??"]
[EventType "blitz"]

1. e4 e5 2. Nf3 d5 3. exd5 e4 4. Nd4 Qxd5 5. Nb3 Nf6 6. d3 Bg4 7. Be2 exd3 8.
Bxg4 Qe4+ 9. Kf1 dxc2 10. Qe2 cxb1=Q 11. Rxb1 Nc6 12. Qxe4+ Nxe4 13. Bf3 Nd6
14. Bxc6+ bxc6 15. Be3 Nc4 16. Bd4 O-O-O 17. g3 Rxd4 18. Nxd4 Nd2+ 19. Kg2 Nxb1
20. Rxb1 c5 21. Nc6 a6 22. Rd1 Bd6 23. Na5 Re8 24. Nc4 Kd7 25. Kf3 Kc6 26. b3
f6 27. Rd3 Re1 28. Rd2 h5 29. h4 Re6 30. a4 Re7 31. Re2 Rxe2 32. Kxe2 Kd5 33.
Ke3 Be5 34. f4 Bd4+ 35. Kf3 Bc3 36. Ke3 Be1 37. Kf3 Kd4 38. Ne3 Kc3 39. Nf5
Kxb3 40. Nxg7 c4 41. Nf5 c3 42. Nd4+ Kb2 43. g4 hxg4+ 44. Kxg4 Bxh4 45. Kxh4 c2
46. Nxc2 Kxc2 47. Kg4 Kd3 48. Kf5 c5 49. Kxf6 c4 50. Ke5 c3 51. f5 c2 52. f6
c1=Q 53. f7 Qc5+ 54. Ke6 Kc4 55. Kf6 Qf8 56. Kg6 Kb4 57. Kf6 Kxa4 {Normal} 0-1

[Event "Rated Blitz game"]
[Site "?"]
[Date "2021.01.21"]
[Round "?"]
[White "Tomass05"]
[Black "Varskelis"]
[Result "1-0"]
[WhiteElo "2224"]
[BlackElo "2687"]
[PlyCount "117"]
[EventDate "2021.??.??"]
[EventType "blitz"]

1. e4 e5 2. Nf3 d5 3. exd5 Qxd5 4. d4 Nc6 5. Nc3 Bb4 6. Bd2 Bxc3 7. Bxc3 e4 8.
Ne5 Nxe5 9. dxe5 Ne7 10. Qe2 Bf5 11. g4 e3 12. gxf5 Qxh1 13. O-O-O Nxf5 14. Qg4
O-O 15. Qxf5 exf2 16. Bd3 Qxh2 17. Rf1 Qh6+ 18. Kb1 Qg6 19. Qxf2 Qe6 20. Rh1 h6
21. Bf5 Qc6 22. Rg1 Rae8 23. e6 f6 24. Qe3 g5 25. a3 Re7 26. Qh3 Qc5 27. Re1 a5
28. Bd3 Rg7 29. Qxh6 Qe7 30. Rh1 Qxe6 31. b3 b5 32. Qh8+ Kf7 33. Qh5+ Ke7 34.
Re1 g4 35. Rxe6+ Kxe6 36. Qf5+ Kf7 37. Qd5+ Ke7 38. Bxb5 c5 39. Qxc5+ Kf7 40.
Bc4+ Kg6 41. Bd3+ Kf7 42. Bc4+ Kg6 43. Qd5 Re7 44. Bd3+ Kh6 45. Bd2+ Kg7 46.
Qh5 Rg8 47. Qh7+ Kf8 48. Bh6+ Reg7 49. Bxg7+ Rxg7 50. Qh8+ Kf7 51. Bc4+ Kg6 52.
Qh4 f5 53. Bd3 Kf7 54. Bxf5 g3 55. Qf4 g2 56. Be4+ Kg8 57. Bxg2 Rxg2 58. Qb8+
Kg7 59. Qb7+ {Normal} 1-0

[Event "Rated Blitz game"]
[Site "?"]
[Date "2021.01.21"]
[Round "?"]
[White "Romannov_4824644"]
[Black "sssssss007"]
[Result "1-0"]
[WhiteElo "2429"]
[BlackElo "2364"]
[PlyCount "53"]
[EventDate "2021.??.??"]
[EventType "blitz"]

1. e4 e5 2. Nf3 d5 3. d4 dxe4 4. Nxe5 Bd6 5. Nc4 Be7 6. Nc3 f5 7. f3 Nf6 8. Bg5
O-O 9. Be2 Be6 10. O-O Nc6 11. Bxf6 Bxf6 12. d5 Bxc3 13. dxe6 Bd4+ 14. Kh1 e3
15. c3 Bb6 16. Qb3 Qe7 17. Rad1 Rad8 18. f4 Qxe6 19. Rfe1 Kh8 20. Rxd8 Rxd8 21.
Bf3 Qh6 22. Bxc6 bxc6 23. Ne5 Rf8 24. Nf7+ Rxf7 25. Qxf7 g6 26. c4 Qxf4 27.
Qf8# {Normal} 1-0

[Event "Rated Blitz tournament YdTMv2iY"]
[Site "?"]
[Date "2021.01.21"]
[Round "?"]
[White "berndhoy"]
[Black "Veysi13"]
[Result "0-1"]
[WhiteElo "2443"]
[BlackElo "2230"]
[PlyCount "122"]
[EventDate "2021.??.??"]
[EventType "blitz"]

1. e4 e5 2. Nf3 d5 3. Nxe5 Bd6 4. d4 dxe4 5. Nc4 Nf6 6. Nxd6+ Qxd6 7. Be2 O-O
8. Be3 Nc6 9. c4 Bf5 10. Nc3 a6 11. Qd2 Rad8 12. Rd1 h6 13. O-O Bh7 14. Bf4 Qe7
15. d5 Ne5 16. Qd4 Rfe8 17. Rfe1 Nc6 18. Qd2 Ne5 19. b3 Qb4 20. Qb2 Nd3 21.
Bxd3 exd3 22. Be3 Ng4 23. h3 Nxe3 24. fxe3 Qc5 25. Na4 Qa7 26. Qd4 Qxd4 27.
exd4 Rxe1+ 28. Rxe1 Kf8 29. Kf2 b5 30. Nc5 bxc4 31. bxc4 Bf5 32. g4 Bc8 33.
Nxd3 c6 34. Re5 cxd5 35. c5 f6 36. Re1 h5 37. Kf3 hxg4+ 38. hxg4 g6 39. Rb1 Re8
40. Rh1 Kg7 41. c6 Re4 42. Re1 Bxg4+ 43. Kg3 Rxe1 44. Nxe1 Bc8 45. Nd3 Kf7 46.
Nf4 Ke7 47. Nxd5+ Kd6 48. Nxf6 Kxc6 49. Kf4 Kd6 50. Kg5 Bf5 51. Kf4 a5 52. a3
a4 53. Ke3 Ke6 54. Ne8 Kd5 55. Ng7 Kc4 56. Ne8 Kb3 57. d5 Kxa3 58. d6 Kb2 59.
Nc7 a3 60. Nb5 a2 61. Nd4 Bd7 {Normal} 0-1

[Event "Rated Blitz game"]
[Site "?"]
[Date "2021.01.21"]
[Round "?"]
[White "checkk"]
[Black "Maltinho"]
[Result "0-1"]
[WhiteElo "2579"]
[BlackElo "2567"]
[PlyCount "116"]
[EventDate "2021.??.??"]
[EventType "blitz"]

1. e4 e5 2. Nf3 d5 3. exd5 Bd6 4. d4 e4 5. Ne5 Nf6 6. Nc3 O-O 7. Be2 Nbd7 8.
Nxd7 Qxd7 9. Bg5 a6 10. Bxf6 gxf6 11. Nxe4 Be7 12. c4 f5 13. Nc3 b5 14. cxb5
axb5 15. Bxb5 Qd6 16. O-O Kh8 17. Re1 Rg8 18. Bc6 Rb8 19. b3 Qg6 20. Qf3 Bb4
21. Rac1 f4 22. h3 Bf5 23. Re2 Qh6 24. Kh2 Bg4 25. Qe4 Bxh3 26. gxh3 f3 27.
Qxf3 Bd6+ 28. Re5 Qxc1 29. Qf6+ Rg7 30. Ne2 Qe1 31. Ng3 Bxe5 32. dxe5 Kg8 33.
h4 Re8 34. a4 Qxe5 35. Qxe5 Rxe5 36. a5 Re1 37. a6 Ra1 38. Ba4 Rg6 39. Bb5 Rb6
40. Bc4 Raxa6 41. Nf5 Ra3 42. d6 cxd6 43. Nh6+ Kg7 44. Nxf7 Ra5 45. Ng5 d5 46.
Be2 Rxb3 47. Kg2 Rb2 48. Bf3 d4 49. Ne6+ Kh8 50. Nxd4 Raa2 51. Kg3 Rxf2 52. h5
Rfb2 53. Nf5 Ra3 54. Kg4 Rb4+ 55. Kg3 Rbb3 56. Nh4 Kg7 57. Kg4 Ra4+ 58. Kg3
Rxh4 {Normal} 0-1

[Event "Rated Blitz game"]
[Site "?"]
[Date "2021.01.21"]
[Round "?"]
[White "Night2950"]
[Black "Schachelite"]
[Result "1-0"]
[WhiteElo "2332"]
[BlackElo "2410"]
[PlyCount "40"]
[EventDate "2021.??.??"]
[EventType "blitz"]

1. e4 e5 2. Nf3 d5 3. exd5 e4 4. Qe2 Nf6 5. Nc3 Be7 6. Nxe4 O-O 7. d3 Re8 8. g3
Nxd5 9. Bg2 f5 10. Ned2 Bb4 11. Ne5 Nc6 12. f4 Nd4 13. Qd1 Bd6 14. Bxd5+ Kh8
15. Bf3 Bxe5 16. fxe5 Rxe5+ 17. Kf2 c6 18. Nc4 Re8 19. c3 b5 20. cxd4 bxc4 {
Normal} 1-0

[Event "Rated Blitz game"]
[Site "?"]
[Date "2021.01.21"]
[Round "?"]
[White "aryamannkid"]
[Black "Yatatu408Empire"]
[Result "1-0"]
[WhiteElo "2369"]
[BlackElo "2501"]
[PlyCount "93"]
[EventDate "2021.??.??"]
[EventType "blitz"]

1. e4 e5 2. Nf3 d5 3. exd5 e4 4. Nd4 Qxd5 5. Ne2 Qe5 6. Nbc3 Nf6 7. d4 exd3 8.
Qxd3 Bf5 9. Qb5+ Qxb5 10. Nxb5 Na6 11. Ned4 Bd7 12. Bf4 c6 13. Nd6+ Bxd6 14.
Bxd6 O-O-O 15. Bxa6 bxa6 16. O-O-O Bg4 17. Nxc6 Bxd1 18. Nxd8 Rxd8 19. Rxd1 Re8
20. Bc5 Kb7 21. Bd4 Nh5 22. g4 Nf4 23. Bxg7 Re2 24. Rd7+ Kc6 25. Rxf7 Rxf2 26.
Rxa7 Kb5 27. Rb7+ Kc6 28. Rb6+ Kd5 29. Rxa6 Ne2+ 30. Kd2 Nd4+ 31. Ke1 Rxh2 32.
Bxd4 Kxd4 33. Rd6+ Ke3 34. Rd3+ Ke4 35. a4 Rxc2 36. Ra3 Rxb2 37. a5 Rb7 38. a6
Ra7 39. Kf2 Kd4 40. Kf3 Kc4 41. Kf4 Kb4 42. Ra1 Kb5 43. Kg5 Kb6 44. Kh6 Kc7 45.
Kxh7 Kb8+ 46. Kg6 Rxa6+ 47. Rxa6 {Normal} 1-0